000
00259nam a2200097Ia 4500
001
722063
005
20250826163304.0
008
250824s9999 xx 000 0 und d
245
0
_a
GAZİ OSMAN PAŞA PLEVNE KAHRAMANI
_c
İBRAHİM ÜNSAL
260
_b
HAYAT YAYINLARI
999
_c
722063
_d
722063